| 000 | 00893nam a22002175i 4500 | ||
|---|---|---|---|
| 001 | 173546 | ||
| 003 | ES-MaACL | ||
| 005 | 20250809042456.0 | ||
| 008 | 091207s2009 sp |||| | spa d | ||
| 080 | _a342.7 | ||
| 245 | 0 | 3 | _aEl LX aniversario de la Declaración Universal de los Derechos Humanos. |
| 260 |
_aMadrid : _bMinisterio de Asuntos Exteriores y de Cooperación, Secretaría General Técnica, _c[2009] |
||
| 300 |
_a158 p. ; _c24 cm. |
||
| 505 | 8 | _aIncluye: Declaración universal de los derechos humanos, p. 17-23 | |
| 650 | 7 |
_aDerechos humanos _2embne _911770 |
|
| 710 | 2 |
_aNaciones Unidas. _bAsamblea General. _tDeclaración universal de los derechos humanos. _95958 |
|
| 710 | 1 |
_aEspaña. _bMinisterio de Asuntos Exteriores y de Cooperación. _93847 |
|
| 740 | 0 | 2 | _aDeclaración universal de los derechos humanos. |
| 852 | 4 |
_aES-MaACL _jC-46649 |
|
| 999 |
_c173546 _d173546 |
||